Quantum-well laser array packaging : Nanoscale packaging techniques

שמור ב:
מידע ביבליוגרפי
פורמט: Sách
שפה:Undetermined
יצא לאור:  McGraw-Hill  2007
נושאים:
תגים: הוספת תג
אין תגיות, היה/י הראשונ/ה לתייג את הרשומה!
Thư viện lưu trữ: Trung tâm Thư viện - Trường Đại học Công nghiệp TP. Hồ Chí Minh
LEADER 00452nam a2200133Ia 4500
001 UIH_05333
008 231011s9999 xx 000 0 und d
082 |a  621.381 
245 0 |a  Quantum-well laser array packaging : Nanoscale packaging techniques 
260 |b  McGraw-Hill 
260 |c  2007 
650 |a  Kỹ nghệ điện tử;  
927 |a Sách 
980 |a Trung tâm Thư viện - Trường Đại học Công nghiệp TP. Hồ Chí Minh